| 000 | 00899cam a22002773a 4500 | ||
|---|---|---|---|
| 001 | 32125 | ||
| 003 | PGUSA | ||
| 005 | 20140828083709.0 | ||
| 008 | 100424s2010||||xxu|||||s|||||000 | eng d | ||
| 040 |
_aPGUSA _beng |
||
| 042 | _adc | ||
| 050 | 4 | _aDS | |
| 100 | 1 |
_aMalleson, G. B. _q(George Bruce), _d1825-1898 |
|
| 245 | 1 | 0 |
_aRulers of India : _bLord Clive _h[electronic resource] / _cG. B. Malleson |
| 260 |
_bProject Gutenberg, _c2010 |
||
| 506 | _aPublic domain in the USA. | ||
| 516 | _aElectronic text | ||
| 653 | _aClive, Robert Clive, Baron, 1725-1774 | ||
| 653 | _aIndia -- History -- British occupation, 1765-1947 -- Biography | ||
| 653 | _aGenerals -- India -- Biography | ||
| 653 | _aGovernors -- India -- Biography | ||
| 653 | _aGenerals -- Great Britain -- Biography | ||
| 830 | 0 |
_aProject Gutenberg _v32125 |
|
| 856 | 4 | 0 | _uhttp://www.gutenberg.org/ebooks/32125 |
| 942 | _cEB | ||
| 999 |
_c261380 _d261380 |
||